Tim und Struppi Quiz (Reiseziel Mond) - Statistiken

Allgemein
  • Dieses Quiz wurde 34 mal gespielt
  • Das Durchschnittsergebnis liegt bei 6 aus 10
Antwortstatistiken
Hint Antwort % Korrekt
Wie viele Personen steigen am Ende des Bandes in die Rakete ein? 5
83%
Schulz erschreckt weil er glaubt etwas gesehen zu haben, was? Skelett
79%
Was hat er jedoch wirklich gesehen? Ein Röntgenbild von Schulze
75%
Wie heißt der Wissenschaftler der Professor Bienlein beim Bau der Rakete hilft? Frank Wolff
63%
Bienlein verwechselt sein Hörgerät mit welchem anderen Gegenstand? Pfeife
63%
In welchem Land befindet sich die Forschungseinrichtung ? Syldawien
63%
In welchem Jahr wurde der Band Veröffentlicht? 1953
58%
Am Flughafen welcher Stadt landen Tim und Kapitän Haddock? Klow
42%
Was baut Professor Bienlein in die Testrakete, kurz bevor diese startet? Selbstzerstörungsmeschanismus
42%
Mit welchem Wort beleidigt Haddock Professor Bienlein so sehr, das dieser in rage gerät? Hanswurst
38%
Keine übereinstimmenden Quizze gefunden
Verteilung der Resultate
Anzahl Personen mit jedem Resultat
Perzentil nach korrekt beantworteten Fragen
Ihre Resultats-Entwicklung
Sie haben dieses Quiz noch nicht gespielt